000
00346 a2200097 4500
020
_a
9789390429547
100
_a
Kumaranasan
245
_a
Malayalathinte priyakavithakal Kumaranasan(മലയാളത്തിൻെറ പ്രിയകവിതകൾ കുമാരനാശാൻ)
260
_b
Green books India pvt. ltd.
_c
2021
942
_c
OO
999
_c
116149
_d
116148